000
00261nam a2200121Ia 4500
100
_a
volsky/A
942
_c
BK
654
_a
Theory
245
_a
Theory Of Metallurgical process
260
_b
Mir Publishers
_a
Moscow
_c
1978
300
_a
360
546
_a
ENGLISH
999
_c
28534
_d
28534